| 000 | 00659nam a2200181 i 4500 | ||
|---|---|---|---|
| 001 | 169873 | ||
| 003 | ES-MaACL | ||
| 005 | 20240510063136.0 | ||
| 008 | 081211s1928 fr |||| | fre d | ||
| 080 | _a821.131.1-21"19" | ||
| 100 | 1 |
_aD'Annunzio, Gabriele, _d1863-1938 _942351 |
|
| 245 | 1 | 3 |
_aLa torche sous le boisseau _b: tragédie en quatre actes / _cGabriele d'Annunzio ; traduite de l'italien par André Doderet. |
| 260 |
_aParis : _bCalmann-Lévy, _c1928. |
||
| 300 |
_a193 p. ; _c19 cm. |
||
| 700 | 1 |
_aDoderet, André. _944969 |
|
| 852 | 4 |
_aES-MaACL _jE-12358 _9R.140516 _z- Biblioteca Jacinto Martínez Lacalle |
|
| 999 |
_c169873 _d169873 |
||